000 00478nam a2200181Ia 4500
001 8202
005 20260306160551.0
008 260306t2012||||xx |||||||||||||| ||spa||
041 _aESP
082 _a370.15
_bF75
100 _aForés Miravalles, Anna
_eAUT
245 0 _aLa resiliencia en entornos socioeducativos:
_bsentido, propuestas y experiencias
260 _c2012
300 _a167 páginas :
_c21 cm.
650 _aGEN
654 _aCED
942 _cLIB
_dJUS
_fJUS
_2ddc
_n
999 _c8202
_d8202